000
00306nam a22001337a 4500
008
181207b xxu||||| |||| 00| 0 eng d
020
_a
9780471314240
041
_a
eng
080
_a
910
100
_a
42
101
_a
geo
245
_a
Geography Relams And Concepts 2000
_c
Blif.H.J
942
_2
udc
_c
BK
999
_c
52978
_d
52978